000
00325 a2200157 4500
001
163640
020
_a
040
_c
Magnum
100
_a
Nishimoto, Hironori
240
1
0
_a
Tabuada no tabuleiro
_l
por
245
1
0
_a
Tabuada no tabuleiro
362
0
_a
1899
440
1
_a
Moderna
697
_a
PARADIDATICO
942
_c
BK
999
_c
163640
_d
163640